[Event "Selfoss Milk Masters 2nd"]
[Site "Selfoss"]
[Date "2003.11.02"]
[Round "4"]
[White "Fressinet, Laurent"]
[Black "Stefansson, Hannes"]
[Result "1-0"]
[WhiteElo "2654"]
[BlackElo "2567"]
[Annotator "Gofshtein,L"]
[PlyCount "69"]
[EventDate "2003.10.29"]
[EventType "tourn"]
[EventRounds "9"]
[EventCountry "ISL"]
[EventCategory "15"]
[SourceTitle "CBM 098"]
[Source "ChessBase"]
[SourceDate "2004.02.03"]
[SourceVersion "1"]
[SourceVersionDate "2004.02.03"]
[SourceQuality "1"]

1. e4 {[%mdl 4] Ftacnik} c5 2. Nf3 d6 3. d4 cxd4 4. Nxd4 Nf6 5. Nc3 Nc6 6. Bg5
e6 7. Qd2 Be7 8. O-O-O Nxd4 9. Qxd4 a6 10. f4 b5 11. Be2 {This move usually
leads to the same positions but limits black possibilities as differently from
the immideate 11.Bf6 gf 12.Be2, now 11...Qa5 is impossible in view of 12.e5
with initiative} (11. Bxf6 gxf6 (11... Bxf6 $2 12. e5 dxe5 13. Qc5 $1 Bd7 14.
Nxb5 $1 Be7 15. Nc7+ Kf8 16. Qxe5 $18) 12. Be2 Qc7 ({Quite well is also} 12...
Qa5 13. e5 fxe5 14. fxe5 d5 $13) (12... h5 $5) 13. Bh5 Qc5 $132 {1/2-1/2
Lautier,J-Pelletier,Y/Biel 1997/CBM 60/ (41)}) 11... Bb7 {A natural move. Was
also met:} (11... O-O 12. Bf3 Bb7 13. Bxf6 gxf6 14. e5 d5 15. f5 Kh8 {
Garcia-Epishin/Linares op 1998/EXP 62}) (11... Qa5 12. e5 dxe5 13. fxe5) 12.
Bf3 {12.f5 is also possible} (12. f5 e5 13. Qd3 b4 14. Bxf6 bxc3 15. Bxg7 Rg8
16. f6 Bxf6 17. Bxf6 cxb2+ 18. Kb1 Qxf6 19. Rhf1 $13 {1/2-1/2 Polgar,J-Kramnik,
V/Wijk aan Zee 1998/CBM 62 ext (49)}) 12... Qc7 {12...Rc8 is very popular in
this position. In this case black has some difficulties as the next variations
show:} (12... Rc8 {[%csl Rc3,Yc4][%cal Yc8c3]} 13. Bxf6 $5 gxf6 (13... Bxf6 14.
Qxd6 Qxd6 15. Rxd6 Bxc3 16. bxc3 Rxc3 17. Rhd1 O-O 18. Rd7 $14) 14. f5 Rc5 (
14... Rc4 15. Qd3 Qc7 $132 {1-0 Shirov,A-Pelletier,Y/Elista 1998/CBM 66 ext/
[Ftacnik] (48)}) (14... Qa5 15. fxe6 fxe6 16. Kb1 $36 {1-0 Polgar,J-Shirov,A/
Wijk aan Zee 1998}) 15. Kb1 Qc7 16. Qd2 h5 17. fxe6 fxe6 18. Ne2 $36 {1-0
Kreiman,B-Mainka,R/Bad Zwesten 1998/EXT 2000 (45)}) 13. Bxf6 {13.e5 gives
nothing after:} (13. e5 dxe5 14. fxe5 Nd5 15. Bxe7 Nxe7 16. Ne4 {1/2-1/2
Smirin,I-Tukmakov,V/Kranevo 1996/CBM 55 ext (16)}) 13... gxf6 14. Kb1 {14.f5
usually leads to a different move order} (14. f5 h5 (14... Rc8 15. fxe6 fxe6
16. Bg4 Kf7 17. Bh5+ Kg7 18. e5 $13 {1/2-1/2 Garcia,G-Smirin,I/New York 1997/
CBM 57 ext (73)}) 15. Kb1 (15. fxe6 fxe6 16. Kb1 O-O-O $2 {[%csl Ye6] 1-0
Dolmatov,S-Makarov,M/Samara 2000/CBM 78/[Gofshtein,L] (31)}) 15... Qc5 (15...
Rc8 $6 $16 {Black lost 0-0-0 possibility...} 16. Qd2 Qc4 (16... h4 17. Ne2 $16)
17. Rhe1 Rc7 (17... b4 18. Ne2 h4 19. fxe6 fxe6 20. Nf4 $16) 18. Ne2 h4 19. Nf4
$1 $36 (19. Nd4 e5 20. Nb3 $14)) 16. Qd2 (16. Qxc5 $5 dxc5 17. fxe6 fxe6 18.
Ne2 $14) 16... O-O-O 17. a3 Kb8 18. Qe2 h4 $132 {1/2-1/2 Leko,P-Kramnik,V/
Frankfurt 1996/EXT 98 (36)}) 14... Qc5 (14... Rc8 {14...Rc8 is another
possible option in this position allowing black a nice counterplay} 15. f5 Qc5
$5 (15... Qc4 16. Qd2 b4 17. Ne2 Bxe4 18. Bxe4 Qxe4 19. fxe6 fxe6 20. Nf4 Rc4
21. g3 Qe5 22. Qd3 $16 {[%csl Ga6,Ge6][%cal Gh1e1]}) 16. Qd2 Qe5 $132) 15. Qd3
$5 {[%mdl 8] A novelty. The queen supports the f5 advance and can be easily
transfered to b3 or h3 to attack black's weaknesses. Although after the usual
15.Qd2 black faces serious problems Ftacnik: 'In this type of positions it is
not easy to find an efficient plan for white, the ideal solution would be
weakening of the siege of the pawn e6.'} (15. Qd2 O-O-O 16. Rhe1 Kb8 (16... h5
17. Re3 Kb8 18. h3 (18. Ne2 d5 19. exd5 (19. Rc3 Qb6 20. exd5 Bxd5 $11) 19...
Bxd5 20. Bxd5 Rxd5 21. Rd3 Rxd3 22. cxd3 $11 (22. Qxd3 Rd8 $17)) 18... b4 19.
Na4 Qb5 20. b3 d5 $132 {1/2-1/2 Galkin,A-Blehm,P/Yerevan ARM 1999 (22)}) 17. a3
h5 18. Re3 Rc8 (18... h4 19. Ne2 d5 $11) 19. Ne2 h4 20. Nd4 $36 {1-0 Brodsky,
M-Poluljahov,A/Koszalin 1997/CBM 59 ext (44)}) 15... O-O-O {Black hides his
king on the queenside but it doesn't solve all his problems. I don't think
that he has enough compensation for the corrupted pawn structure} 16. f5 $5 {
[%csl Ye6][%cal Yf5e6] A typical move in this position. After the eventual
exchange on e6, the pawn on e6 becomes a weakness.} Kb8 (16... Kd7 {Ftacnik}
17. e5 Bxf3 18. Qxf3 fxe5 (18... Qxe5 19. fxe6+ fxe6 20. Qb7+ Ke8 21. Rhe1 Qf5
22. Nd5 Rd7 23. Qc8+ Rd8 24. Qxe6 $18) 19. f6 Bf8 20. Qb7+ Ke8 21. Qxa6 $14)
17. Rhe1 {A pofilactic move. White frees his pieces from defending the e4 pawn
and prepares Bg4 and Qh3.} h5 {Preventing Bg4} 18. fxe6 fxe6 19. a4 {[%csl Rb5]
[%cal Ra4b5] White breaks black's pawn stucture and weaknesses the position of
his king. Ftacnik: 'An interesting approach, which opens the play on the
queenside. The presence of both kings is enhancing the importance of the open
lines in the strategical fight.'} (19. Ne2 {Ftacnik} Qe5 20. Nd4 Rc8 $11) 19...
bxa4 {Black is practically forced to take on a4, since after 19...b4 20.Ne2
the knight threatens to enter the game with a decisive effect.} (19... b4 20.
Ne2 {[%csl Re6][%cal Rd3b3,Rb3e6,Ye2d4,Yd4e6,Ye2f4,Yf4e6,Yf4h5,Yf4g6]} Qe5 {
Ftacnik} 21. Nd4 $14) 20. Nxa4 Qb4 (20... Qb5 21. Qxb5 axb5 22. Nc3 $36) (20...
Qe5 21. Nb6) 21. Nc3 {Black's many weaknesses, and first of all e6 and h5,
make white's advantage obvious} Rhg8 {'?!' Ftacnik.} (21... Rc8 $5 {Ftacnik}
22. Ne2 Rc5 23. c3 Qb6 24. Nf4 Rhc8 25. Kc2 Rb5 26. Rb1 $14) (21... h4 {Ftacnik
} 22. Ne2 $14) 22. h4 {[%csl Yg5][%cal Yh4g5] Fixing the weakness on h5 and
taking control over the g5 square, not allowing the black rook to transfer to
the queenside via the 5 line} Rc8 {Black tries to play active without holding
for material} 23. Bxh5 Rg7 $2 {23...Rg2 was necesary, activizing his pieces} (
23... Rxg2 $5 24. Bf7 f5 $5 (24... e5 {Ftacnik} 25. Qf3 Rg7 26. Bd5 $16) 25.
exf5 (25. Bxe6 Bxe4 26. Nxe4 Rcxc2 27. Qxc2 Rxc2 28. Kxc2 fxe4 $36) 25... Bf6
$1 26. Qxd6+ Qxd6 27. Rxd6 Bxc3 28. bxc3 exf5 29. c4 $14 {Ftacnik}) 24. Bf3 $16
{Stabilizing the position. Now white has a clear advantage.} Rc5 25. h5 {
Ftacnik: 'Fressinet can not complain, since he gained an extra pawn on the
square h5. Stefansson will have enormous problems to generate any counterplay.
'} Re5 26. Rh1 {White activites his rook which so far didn't have an active
role in the game} Rh7 27. Rh3 {[%cal Rh3g3,Rg3g8]} a5 28. Rg3 Bc6 29. Rg8+ {
The rook invaded black's camp, this give white a decisive edge} Kb7 30. Nd5 $1
$18 {'!' Ftacnik. Ftacnik: 'The witty tactical blow is deciding on the spot,
black defensive position is falling apart.'} Qc5 (30... exd5 31. exd5 $18 {
[%cal Rd3h7]}) 31. Nxe7 Rxe7 32. Qxd6 Qxd6 33. Rxd6 Bxe4 34. h6 Bxf3 35. gxf3
1-0

[Event "FRA-chT Gp-A"]
[Site "France"]
[Date "2003.02.01"]
[Round "2.3"]
[White "Bologan, Viktor"]
[Black "Sorin, Maxime"]
[Result "1-0"]
[WhiteElo "2630"]
[BlackElo "2318"]
[Annotator "Gofshtein,L"]
[PlyCount "61"]
[EventDate "2003.01.31"]
[EventType "team"]
[EventRounds "7"]
[EventCountry "FRA"]
[SourceTitle "CBM 094"]
[Source "ChessBase"]
[SourceDate "2003.05.26"]
[SourceVersion "1"]
[SourceVersionDate "2003.05.26"]
[SourceQuality "1"]
[WhiteTeam "Gonfreville"]
[BlackTeam "Sautron"]
[WhiteTeamCountry "FRA"]
[BlackTeamCountry "FRA"]

1. e4 {[%mdl 4]} c5 2. Nf3 d6 3. d4 cxd4 4. Nxd4 Nf6 5. Nc3 Nc6 6. Bg5 e6 7.
Qd2 a6 8. O-O-O h6 9. Be3 {Another popular line is 9.Nc6 bc 10.Bf4} Be7 10. f3
{White strengthens pawn 'e4' and prepare for a pawn attack on the King's side.}
Nxd4 11. Bxd4 b5 12. Kb1 {Useful move-White transfers his King from the
dangerous h6-c1 diagonal and prepares for the eventual Qa5.} Rb8 {Black
carries out a typical plan of attacking the King; the Rook will defend pawn
'b4' in the future.} 13. Ba7 {White forces Black's Rook to occupy an
unconvenient location and brings his Bishop to 'e3' in advance preventing
e6-e5.} Rb7 14. Be3 b4 15. Ne2 {[%cal Re2d4,Re2c1,Re2g3] White's Knight has a
multitude of possibilities; it can move to d4,c1, or g3. Everything depends
how the game ensues.} e5 16. Nc1 (16. c4 $5 {Alternative: 16.c4 as the
afformentioned game Sosko-Avrukh enables Black's counterplay.} Be6 17. Ng3 O-O
18. Nf5 Bxf5 19. exf5 Qc8 20. g4 Rd8 21. Qc1 b3 22. h4 bxa2+ 23. Kxa2 Qc6 24.
Rh2 Qa4+ 25. Kb1 Rb3 26. Rd3 Rxd3 27. Bxd3 e4 $44 {1/2-1/2 Socko,B-Avrukh,B/
Zagan 1997/CBM 59 ext (42)}) 16... Be6 {Black sacrifices a pawn, trying to get
counterplay in return as demonstrated by tournament experience} (16... Rb8 {
1-0 Blehm,P-Tyomkin,D/Paget Parish BER 2001/The Week in Chess 325 (40)}) (16...
a5 17. Ba6 Rb8 18. Bxc8 Rxc8 19. g4 $5 (19. Ne2 h5 $5 20. h4 Nd7 21. Ng3 g6 22.
Nf1 Qc7 23. Bf2 Kf8 24. Rc1 Qb7 25. Qe2 d5 $132 {1/2-1/2 Krakops,M-Avrukh,B/
Zagan 1997/CBM 59 ext (33)}) 19... Nd7 20. Ne2 Nb6 21. b3 g6 22. f4 Nd7 23. h3
Qc7 24. Rhf1 Nf6 25. Ng3 Qc6 26. Qg2 Rc7 27. Bc1 $1 O-O 28. Bb2 exf4 29. Rxf4
Nd7 30. Nf5 $40 {1-0 Lanka,Z-Sorin,M/Montpellier 2000/EXT 2001 (45)}) (16...
Rb8 17. Bc4 $5 a5 (17... O-O 18. g4 Qc7 19. Bb3 Be6 20. g5 hxg5 21. Bxg5 Rfd8
22. Rhg1 Ne8 23. Ne2 Bxg5 24. Qxg5 Bxb3 25. axb3 Rbc8 26. c4 bxc3 27. Nxc3 $16
{1-0 Lanka,Z-Vydeslaver,A/Groningen 1997/CBM 62 ext (38)}) (17... Bd7 18. g4
Qc8 19. Qd3 Bb5 20. Bxb5+ Rxb5 21. h4 Qe6 22. Ne2 d5 23. g5 hxg5 24. Bxg5 dxe4
25. fxe4 Nh5 26. Qd8+ {1-0 Korneev,O-San Segundo Carrillo,P/Mondariz 1997/EXT
99 (26)}) 18. g4 Be6 (18... Qc7) 19. Bxe6 fxe6 20. h4 Nd7 21. f4 $40 {1-0
Blehm,P-Tyomkin,D/Paget Parish 2001/CBM 81}) 17. Bxa6 Rb8 18. Qd3 $5 $146 {
[%mdl 8] Novelty, 18.Qe2 also very promising} (18. Qe2 $1 $16 {[%cal Ra6b5,
Ra6c4] /\Bb5,Bc4} Qc7 (18... d5 19. exd5 Nxd5 20. Bb5+ Kf8 21. Bc4 $18 Qa5 $140
22. Nb3 Qa8 23. Nc5 {[%csl Rf8]}) (18... O-O $5 19. Bc4 Qc7 20. Bxe6 (20. Bb3
Bxb3 21. cxb3 d5 $1) 20... fxe6 21. g4 d5 22. g5 hxg5 23. Bxg5 Nh5 24. Bxe7 Nf4
25. Qe3 $16) 19. Bb5+ Kf8 {The idea was to keep the knight on d7, and to play
d6-d5 as soon as possible, but after the following move of white, black is
really in troubles.} (19... Nd7 20. Ba4 O-O 21. Bb3 Rfc8 22. g4 $16) 20. Ba4 $1
$16 {[%cal Ga4b3] 1-0 Shahade,G-Tyomkin,D/Paget Parish 2001/CBM 81/[Tyomkin,D]
(53) White moves the bishop to b3, preventing any kind of black's counterplay
on the queenside.}) 18... Qc7 {Black tries to prevent the exchange of
white-squared bishops.} 19. Bb5+ Nd7 20. f4 $1 {Timely disclosure of the
f-file.} exf4 {More stubborn is 20...Qa5} (20... Qa5 21. Bxd7+ Bxd7 22. fxe5
Qxe5 23. Bd4 Qg5) 21. Bxf4 O-O 22. Bxd7 Qxd7 23. Bxd6 Bxd6 24. Qxd6 {White has
captured another pawn and victory is now a matter of time.} Qb7 25. Rd4 Rfc8
26. Rhd1 Kh7 27. R1d2 Rc6 28. Qe5 Rbc8 29. b3 Rc5 30. Qf4 Qc6 31. Qf2 $16 {
[%csl Rb4] pawn 'b4' is weak and White has clear plans of attacking pawn 'b4'
with the help of Nd3, followed by e5 and Qf4. Black gives up due to the lack
of solid options.} 1-0

[Event "New York op"]
[Site "New York"]
[Date "1998.03.19"]
[Round "6"]
[White "Sutovsky, Emil"]
[Black "Gershon, Alik"]
[Result "1-0"]
[WhiteElo "2595"]
[BlackElo "2425"]
[Annotator "Gofshtein,L"]
[PlyCount "109"]
[EventDate "1998.03.16"]
[EventType "swiss"]
[EventRounds "9"]
[EventCountry "USA"]
[SourceTitle "CBM 064"]
[Source "ChessBase"]
[SourceDate "1998.06.02"]
[SourceVersion "1"]
[SourceVersionDate "1998.06.02"]
[SourceQuality "1"]

1. e4 c5 2. Nf3 d6 3. d4 Nf6 4. Nc3 cxd4 5. Nxd4 Nc6 6. Bg5 e6 7. Qd2 a6 8.
O-O-O h6 9. Nxc6 $5 {Murrey} bxc6 10. Bf4 d5 11. Qe3 $5 (11. a3 Be7 12. Bd3 Bb7
13. h4 Nd7 14. exd5 cxd5 15. g4 Bxh4 16. Kb1 Be7 17. g5 h5 18. g6 $44 {
Murrey-Martin  Manchester 1981}) 11... Bb4 (11... Be7 12. Be2 Bb7 13. Qg3 g6
14. Bc7 $1 Qc8 15. Bf3 O-O 16. Na4 Nd7 17. Kb1 a5 18. c4 $16 {
Shekachev-Pochikeev,1997 Smolensk}) 12. Be2 $5 (12. a3 $5 Be7 (12... Be7 13.
Be2 O-O (13... Qa5 14. Qg3 Bxa3 15. exd5 (15. Qxg7 $2 Qxc3 16. Qxh8+ Kd7 17.
bxa3 Qa1+ 18. Kd2 Nxe4+ $19) (15. bxa3 $6 Qxa3+ 16. Kb1 (16. Kd2 d4) 16... Ra7)
15... cxd5 (15... exd5 16. Qxg7 Qxc3 (16... Bxb2+ 17. Kxb2 Qb4+ 18. Ka2 Qa5+
19. Kb3) 17. Qxh8+ Ke7 (17... Kd7 18. Bg4+) 18. Bd6+ $3 Kxd6 19. Qf8+ $18) 16.
Bc7 $1 Qb4 17. bxa3 Qxa3+ 18. Kd2 Qb4 (18... d4 19. Ke1 $1) 19. Qxg7 $1 Ne4+
20. Ke1 Qxc3+ 21. Qxc3 Nxc3 22. Be5 $16 {Greenfeld}) (13... Nd7 14. h4 O-O (
14... e5 15. Bxe5 $1 Nxe5 16. exd5 $16) 15. Qg3 Kh8 16. Bc7 Qe8 17. Rhe1 $14 {
Shekachev-Lominashvili,Smolensk 1997}) 14. Qg3 Kh8 15. Bc7 $1 Qd7 16. Be5 Qb7
17. exd5 cxd5 $6 (17... exd5 $14) 18. Rd4 $16 {Botvinnik Il.-Grinfeld.A ,
Rishon Le-Zion 1997}) (12... Ba5 13. Be2 Bb7 (13... O-O 14. e5 Nd7 15. Qg3 Bc7
(15... Kh8 16. Qh3 $40) (15... Bxc3 16. Qxc3 $16) 16. Kb1 $1 Bb8 17. Rhe1 f5
18. Bh5 $16 {Greenfed.A}) 14. Qg3 Bxc3 15. Qxc3 Nxe4 16. Qxg7 Qf6 17. Qxf6 Nxf6
18. Rd3 $16 Ne4 19. Rf1 $1 {Greenfeld.A-Vydeslaver.A Israel 1998})) 12... Bxc3
$6 (12... Qa5 $5) 13. Qxc3 Nxe4 14. Qxg7 Qf6 15. Qxf6 Nxf6 $16 16. Be5 $5 (16.
Rd3 $5) 16... Ke7 17. g4 Rg8 18. Rhg1 a5 (18... Nd7 19. Bf4 $16) 19. Bf4 Ne4 $6
(19... Ba6 $5) 20. Rdf1 (20. f3 $2 Nf2 21. Rdf1 Nh3) 20... Ng5 21. Be3 $5 Ba6
22. Bxa6 Rxa6 23. f4 Ne4 24. f5 $1 Rh8 (24... exf5 25. Rxf5 $16) 25. Bd4 Rh7 $6
(25... Rg8 $142) 26. Rf3 $6 (26. fxe6 $5) 26... c5 27. Be5 f6 28. Rb3 Kf8 29.
Rb8+ Kg7 30. Rb7+ Kg8 31. Rb8+ Kg7 32. Bc3 $5 (32. fxe6 $5 Rxe6 (32... fxe5 33.
e7 Nd6 34. Rf1 $14) 33. Bf4 $14) 32... e5 (32... Nxc3 $6 33. bxc3 $16) 33. h4
$6 (33. Bd2 $5 Ra7 34. Rd8 d4) 33... d4 $6 (33... Ra7 $5 34. Bd2 Nxd2 35. Kxd2
Rh8) 34. Bd2 Ra7 35. Rc8 $1 a4 36. Re1 Nf2 37. Rg1 Ne4 38. Kd1 $16 Rh8 (38...
Rb7 $142 39. b3 axb3 40. axb3 Ra7) 39. Rxh8 Kxh8 40. Bxh6 Rh7 41. g5 Nd6 42.
Bf8 Nxf5 43. gxf6 $16 Rf7 44. Bxc5 Rxf6 45. Rg5 $1 Ne3+ 46. Ke2 Rf5 47. Rxf5
Nxf5 48. b4 $18 axb3 49. cxb3 Nxh4 50. a4 Ng6 51. a5 Nf4+ 52. Kd2 Ne6 53. Bb6
e4 54. a6 e3+ 55. Kc2 1-0

[Event "ARG-ch"]
[Site "Buenos Aires"]
[Date "1998.04.15"]
[Round "1"]
[White "Alonso, Salvador"]
[Black "Zarnicki, Pablo Adrian"]
[Result "1/2-1/2"]
[WhiteElo "2390"]
[BlackElo "2515"]
[Annotator "Gofshtein,L"]
[PlyCount "67"]
[EventDate "1998.04.15"]
[EventType "tourn"]
[EventRounds "15"]
[EventCountry "ARG"]
[EventCategory "9"]
[SourceTitle "CBM 065"]
[Source "ChessBase"]
[SourceDate "1998.08.06"]
[SourceVersion "1"]
[SourceVersionDate "1998.08.06"]
[SourceQuality "1"]

{[%mdl 4420]} 1. e4 c5 2. Nf3 d6 3. d4 cxd4 4. Nxd4 Nf6 5. Nc3 Nc6 6. Bg5 e6 7.
Qd2 a6 8. O-O-O Nxd4 9. Qxd4 Be7 10. f4 b5 11. Bxf6 gxf6 12. f5 Qc7 13. Be2 Qc5
14. fxe6 fxe6 15. Qxc5 dxc5 16. Bh5+ Kf8 17. e5 f5 18. g4 b4 (18... Ra7 {
1/2-1/2 Tiviakov,S-Khalifman,A/President's Cup, Elista RUS (3.3) 1998 (31)})
19. Ne2 Bg5+ $146 (19... Ra7 20. gxf5 exf5 21. Nf4 Bg5 22. Kb1 Bxf4 23. Rd8+
Kg7 24. Rg1+ Bg5 25. Rd6 (25. Rxg5+ Kh6 26. Rxh8 Kxg5 27. Rxc8 Kxh5 28. Rxc5 f4
$1 $132 {[%cal Gf4f3]}) 25... Rf8 (25... h6 26. h4) 26. Rxg5+ Kh8 27. Rf6 $16 {
Palac,M-Smirin,I/EU-chTM 1997/1-0(48)}) 20. Kb1 Ke7 21. gxf5 exf5 22. Rhg1 Bh6
(22... h6 $2 23. h4 Bxh4 24. Nf4 $18 {[%csl Re7,Rh4,Rh8][%cal Gf4g6]}) 23. Bf3
Rb8 24. Rd6 Be6 25. Bd5 (25. Rxa6 $5 {[%cal Ga6a7]} Rhd8 {[%cal Gd8d7,Yb8d8]}
26. Ra7+ Rd7 27. Rxd7+ Bxd7 28. c3 $1 $14 {To get an advantage white should
activate knight e2.}) 25... Bxd5 26. Rxh6 Rbg8 27. Rg3 $8 Rg4 28. Rxg4 fxg4 29.
Nf4 Be4 $11 {In the arising endgame white still has some presure,but blacks
counterchanses are enought for succsessfull defense.} 30. Re6+ (30. Rxa6 Rf8
31. Re6+ Kd7 32. Rf6 Re8 33. e6+ Kd6 {[%cal Gd6e5]} 34. Rf7 Ke5 {[%cal Ge4g6]}
35. e7 Kd6 $11) 30... Kd7 31. Rd6+ Ke7 {[%cal Gh8f8]} 32. Re6+ Kd7 33. Rd6+ Ke7
34. Re6+ 1/2-1/2